Effective supervision for the helping professions
Guardat en:
| Autor principal: | |
|---|---|
| Format: | Llibre |
| Idioma: | anglès |
| Publicat: |
SAGE2014
2014
|
| Etiquetes: |
Afegir etiqueta
Sense etiquetes, Sigues el primer a etiquetar aquest registre!
|
MARC
| LEADER | 00000nam a22000007a 4500 | ||
|---|---|---|---|
| 008 | 231003b |||||||| |||| 00| 0 eng d | ||
| 020 | |a 9781446269927 | ||
| 100 | |a CARROLL, Michael | ||
| 245 | |a Effective supervision for the helping professions |c / Michael Carroll |g x, 202p | ||
| 250 | |b 2nd | ||
| 260 | |b SAGE2014 |c 2014 |h London |i 700482 |i 700483 |l BF636.6.C23 |m Counselors Supervision of |m Counselors Training of | ||
| 500 | |a its includes references and index | ||
| 942 | |a lcc |c BK |e Johnson |f 03/10/23 | ||
| 952 | |0 0 |1 0 |2 lcc |4 0 |6 BF06366 C23 |7 0 |9 4518 |a ART |b HOL |c AF |d 2023-10-03 |l 0 |o BF636.6.C23 |p 2023-0438 |r 2023-10-03 00:00:00 |t 700482 |w 2023-10-03 |y BK | ||
| 952 | |0 0 |1 0 |2 lcc |4 0 |6 BF06366 C23 |7 0 |9 4519 |a HOL |b HOL |c AF |d 2023-10-03 |l 0 |o BF636.6.C23 |p 2023-0439 |r 2023-10-03 00:00:00 |t 700483 |w 2023-10-03 |y BK | ||
| 999 | |c 2262 |d 2262 | ||